Online
Catalog

La crisis como esencia de la experiencia religiosa / (Record no. 23246)

MARC details
000 -CABECERA
campo de control de longitud fija 00776nam a2200217 a 4500
001 - NÚMERO DE CONTROL
campo de control 000023750
005 - FECHA Y HORA DE LA ÚLTIMA TRANSACCIÓN
campo de control 20200930022435.0
008 - DATOS DE LONGITUD FIJA--INFORMACIÓN GENERAL
campo de control de longitud fija 110112s2000 mx r 000 0 spa d
040 ## - FUENTE DE LA CATALOGACIÓN
Centro catalogador/agencia de origen DO-SdBNP
Lengua de catalogación spa
Centro/agencia transcriptor BNPHU
041 17 - CÓDIGO DE LENGUA
Código de lengua del texto/banda sonora o título independiente spa
Código de lengua original heb
Fuente del código Código de idiomas MARC
082 ## - NÚMERO DE LA CLASIFICACIÓN DECIMAL DEWEY
Número de clasificación nnnn
Número de documento/Ítem L525c
049 ## - FONDOS LOCALES (OCLC)
Fondos de biblioteca BNGR
100 1# - ENTRADA PRINCIPAL--NOMBRE DE PERSONA
Nombre de persona Leibowitz, Yeshayahu,
Fechas asociadas al nombre 1903-1994
9 (RLIN) 48905
245 13 - MENCIÓN DE TÍTULO
Título La crisis como esencia de la experiencia religiosa /
Mención de responsabilidad, etc. Yeshayahu Leibowitz ; prólogo, traducción y notas de Leonardo Cohen.
260 ## - PUBLICACIÓN, DISTRIBUCIÓN, ETC.
Lugar de publicación, distribución, etc. México :
Nombre del editor, distribuidor, etc. Taurus,
Fecha de publicación, distribución, etc. 2000.
300 ## - DESCRIPCIÓN FÍSICA
Extensión 148 p. ;
Dimensiones 18 cm.
490 1# - MENCIÓN DE SERIE
Mención de serie La huella del otro
504 ## - NOTA DE BIBLIOGRAFÍA, ETC.
Nota de bibliografía, etc. Incluye referencias bibliográficas y notas al pie de las páginas.
700 1# - PUNTO DE ACCESO ADICIONAL--NOMBRE DE PERSONA
Nombre de persona Cohen, Leonardo,
Término indicativo de función/relación pról.
9 (RLIN) 48906
830 #0 - PUNTO DE ACCESO ADICIONAL DE SERIE-TÍTULO UNIFORME
Título uniforme La huella del otro
9 (RLIN) 43772
Holdings
Estado de retiro Estado de pérdida Restricciones de uso No para préstamo Código de colección Localización permanente Ubicación/localización actual Ubicación en estantería Fecha de adquisición Número de inventario Total de préstamos Signatura topográfica completa Código de barras Fecha visto por última vez Precio válido a partir de Tipo de ítem Koha
    Préstamo interno   Monografías: Libros y Folletos General General En catalogación 12.01.2011 LF1   nnnn L525c 23750-10 25.06.2020 25.06.2020 Préstamo interno

Powered by Koha